Costa Rica: análisis de la coyuntura
Guardado en:
| Format: | Texto |
|---|---|
| Fag: | |
| Tags: |
Tilføj Tag
Ingen Tags, Vær først til at tagge denne postø!
|
MARC
| LEADER | 00000 a a2200000 04500 | ||
|---|---|---|---|
| 001 | 18097 | ||
| 003 | |||
| 040 | |||
| 245 | |a Costa Rica: |b análisis de la coyuntura | ||
| 650 | |a ECONOMIA | ||
| 650 | |a POLITICA | ||
| 650 | |a COSTA RICA | ||
| 773 | |g volumen 6, número 21; (1982) Páginas. 331-332 | ||
| 999 | |c 31525 |d 31525 | ||
| 773 | 0 | |0 42391 |9 4138 |a Agencia Latinoamericana de Información, ALAI |d Quito, Ecuador: ALAI |o 03935 |t ALAI: |x 08275564 (Servicio mensual de información y documentación) | |
